El Comercio exterior de México 1821-1875 / (Record no. 110230)

MARC details
000 -LEADER
fixed length control field 00593cam a2200181 4500
008 - FIXED-LENGTH DATA ELEMENTS--GENERAL INFORMATION
fixed length control field t19771977mx spa
050 00 - LIBRARY OF CONGRESS CALL NUMBER
Classification number HF3235
Item number H47 1977
100 1# - MAIN ENTRY--PERSONAL NAME
Personal name Herrera Canales, Inés
245 13 - TITLE STATEMENT
Title El Comercio exterior de México 1821-1875 /
Statement of responsibility, etc Inés Herrera Canales.
260 ## - PUBLICATION, DISTRIBUTION, ETC. (IMPRINT)
Place of publication, distribution, etc México :
Name of publisher, distributor, etc El Colegio de México,
Date of publication, distribution, etc 1977
300 ## - PHYSICAL DESCRIPTION
Extent viii, 193 p. ;
Dimensions 22 cm.
440 #0 - SERIES STATEMENT/ADDED ENTRY--TITLE
Title Centro de Estudios Históricos : Nueva serie ;
Volume number/sequential designation no. 25.
500 ## - GENERAL NOTE
General note Rec. DGB.
650 10 - SUBJECT ADDED ENTRY--TOPICAL TERM
Topical term or geographic name as entry element Comercio exterior
General subdivision Promoción
-- México
942 ## - ADDED ENTRY ELEMENTS (KOHA)
Source of classification or shelving scheme Biblioteca del Cogreso de los Estados Unidos
Koha item type Libro
Holdings
Estado de pérdida Fuente de clasificación Estado del daño No para préstamo Ubicación permanente Ubicación actual Apartado o colección Fecha de adquisición Edición Área del conocimiento Clasificación Código de Barras Date last seen Número de copia Costo por reposición Tipo de recurso
  Biblioteca del Cogreso de los Estados Unidos     Biblioteca de la Unidad de Ciencias Ingeniería y Humanidades Biblioteca de la Unidad de Ciencias Ingeniería y Humanidades General 05/06/2019 1a.ed Educación y Humanidades HF3235 H47 1977 BCU000007055 05/06/2019 C:1 1.00 Libro